000 00771cab a2200265 4500
001 ABS44769
008 090401t1991 xxu||||| |||| 00| 0 eng d
035 _a(Sirsi) u48986
041 _aeng
100 _aRoberts, J.J.
245 _aTourism and leisure use of redundant farm buildings
260 _c1991
350 _a0
490 _aFarm Buildings and Engineering
_v8(1) Spring 1991, 25-26(2)
520 _aReviews the possibilities for tourism of the conversion of farm buildings .
650 _aALTERNATIVE USES
650 _aLEISURE
650 _aREDUNDANT BUILDINGS
650 _aRESTAURANTS
650 _aRURAL DEVELOPMENT CORPORATION
650 _aSELF CATERING ACCOMMODATION
690 _aRURAL PRACTICE
942 _n0
948 _c04/03/1997
999 _c30712
_d30712